000 00495cam a22002051 4500
001 sa 64005992
003 DLC
005 20260227112036.0
008 890526s1962 xx 000 0 tamo
010 _asa 64005992
035 _a(OCoLC)23565758
040 _aDLC
_cMiU
_dDLC
050 0 0 _aQ141
_b.B46
100 0 _aCuttān̲anta Pāratiyār,
_d1897-
245 1 0 _aViññāna maṇikaḷ.
260 _c[1962]
300 _a102 p.
_c18 cm.
500 _aRomanized.
650 0 _aScientists.
999 _c59454
_d59454